[Event "FICGS class E 000062 email"]
[Site "FICGS email"]
[Date "2007.10.01"]
[Round "1"]
[White "Graham, Rudy"]
[Black "Larcher, Sebastien"]
[Result "0-1"]
[WhiteElo "1600"]
[BlackElo "1600"]
[PlyCount "72"]
[EventDate "2007.??.??"]
[EventType "tourn (corr)"]
[EventRounds "5"]
[SourceTitle "Corr 2022"]
[Source "ChessBase"]
[SourceDate "2021.10.24"]
[SourceVersion "1"]
[SourceVersionDate "2021.10.24"]
[SourceQuality "1"]

1. c4 e5 2. e3 Nf6 3. a3 Be7 4. d4 exd4 5. exd4 d5 6. c5 b6 7. cxb6 axb6 8. Bg5 Ne4 9. Bxe7 Qxe7 10. Ne2 0-0 11. f3 Nd6 12. g3 Qe3 13. Nbc3 Nc4 14. Qc2 Qxf3 15. Rg1 Ne3 16. Qd2 Bf5 17. Rc1 Re8 18. h3 c5 19. Nb5 Bd7 20. Nbc3 Nc6 21. dxc5 Ne5 22. Nxd5 Nxf1 23. Rxf1 Nd3+ 24. Qxd3 Qxd3 25. Ndf4 Qxg3+ 26. Kd2 Qe3+ 27. Kd1 Ba4+ 28. Ke1 Qxc1+ 29. Kf2 Qxc5+ 30. Kg3 Re3+ 31. Rf3 Rxf3+ 32. Kxf3 Bc6+ 33. Kg4 Ra4 34. Nc3 Qg1+ 35. Kf5 Bd7+ 36. Ke5 Qd4# 0-1

[Event "FICGS W-ch st1 g11 email"]
[Site "FICGS email"]
[Date "2007.07.11"]
[Round "1"]
[White "Khachaturov, Vadim"]
[Black "Larcher, Sebastien"]
[Result "1-0"]
[WhiteElo "1867"]
[BlackElo "1700"]
[PlyCount "29"]
[EventDate "2007.??.??"]
[EventType "tourn (corr)"]
[EventRounds "8"]
[SourceTitle "Corr 2022"]
[Source "ChessBase"]
[SourceDate "2021.10.24"]
[SourceVersion "1"]
[SourceVersionDate "2021.10.24"]
[SourceQuality "1"]

1. e4 d5 2. exd5 Nf6 3. Nc3 Nxd5 4. Bc4 c6 5. Qf3 Be6 6. Nge2 Nd7 7. Bxd5 cxd5 8. Nf4 Nf6 9. Nxe6 fxe6 10. 0-0 Rc8 11. Re1 Rc6 12. d3 g6 13. Nb5 Qa5 14. Bg5 Bg7 15. Nd4 1-0

[Event "FICGS W-ch st1 g11 email"]
[Site "FICGS email"]
[Date "2007.07.11"]
[Round "1"]
[White "Larcher, Sebastien"]
[Black "Gramajo, Francisco"]
[Result "1-0"]
[WhiteElo "1700"]
[BlackElo "1400"]
[PlyCount "25"]
[EventDate "2007.??.??"]
[EventType "tourn (corr)"]
[EventRounds "8"]
[SourceTitle "Corr 2022"]
[Source "ChessBase"]
[SourceDate "2021.10.24"]
[SourceVersion "1"]
[SourceVersionDate "2021.10.24"]
[SourceQuality "1"]

1. e4 e5 2. Nf3 d6 3. d4 exd4 4. Nxd4 Nc6 5. Nc3 Nf6 6. Bc4 Bd7 7. 0-0 Ne5 8. Bb3 Be7 9. f4 Ng6 10. Nf5 0-0 11. Be3 Re8 12. Bd4 Bf8 13. Qd3 1-0

[Event "FICGS class D 000052 email"]
[Site "FICGS email"]
[Date "2007.07.04"]
[Round "1"]
[White "Pech, Jaroslav Sr"]
[Black "Larcher, Sebastien"]
[Result "1-0"]
[WhiteElo "1615"]
[BlackElo "1700"]
[PlyCount "57"]
[EventDate "2007.??.??"]
[EventType "tourn (corr)"]
[EventRounds "6"]
[SourceTitle "Corr 2022"]
[Source "ChessBase"]
[SourceDate "2021.10.24"]
[SourceVersion "1"]
[SourceVersionDate "2021.10.24"]
[SourceQuality "1"]

1. d4 Nf6 2. c4 c5 3. d5 b5 4. cxb5 a6 5. bxa6 Bxa6 6. Nc3 g6 7. e4 Bxf1 8. Kxf1 d6 9. Nf3 Nbd7 10. g3 Bg7 11. Kg2 0-0 12. h3 Qb6 13. Re1 Rfb8 14. Re2 Qa6 15. Bf4 Nh5 16. Bc1 Rb4 17. Qc2 Rab8 18. Nd1 Ne5 19. Nxe5 Bxe5 20. Re1 e6 21. Qe2 Qa8 22. Bd2 Bxb2 23. Bxb4 Bxa1 24. Bc3 Rb1 25. Bxa1 Rxa1 26. Nc3 Rxe1 27. Qxe1 Nf6 28. Qd2 exd5 29. exd5 1-0

[Event "FICGS class D 000052 email"]
[Site "FICGS email"]
[Date "2007.07.04"]
[Round "1"]
[White "Pilipchuk, Andrey"]
[Black "Larcher, Sebastien"]
[Result "1/2-1/2"]
[WhiteElo "1600"]
[BlackElo "1700"]
[PlyCount "87"]
[EventDate "2007.??.??"]
[EventType "tourn (corr)"]
[EventRounds "6"]
[SourceTitle "Corr 2022"]
[Source "ChessBase"]
[SourceDate "2021.10.24"]
[SourceVersion "1"]
[SourceVersionDate "2021.10.24"]
[SourceQuality "1"]

1. d4 Nf6 2. c4 c5 3. d5 b5 4. cxb5 a6 5. b6 Qxb6 6. Nc3 d6 7. Nf3 g6 8. Nd2 Bg7 9. e4 0-0 10. Be2 Qc7 11. Nc4 Nbd7 12. Bf4 Nb6 13. Ne3 Bd7 14. 0-0 Rfb8 15. Bg3 Bb5 16. f4 Qb7 17. Rc1 Nxe4 18. Nxe4 Bxb2 19. Rb1 Bd4 20. Bf2 Nxd5 21. Nxd5 Qxd5 22. Nc3 Bxe2 23. Nxd5 Bxd1 24. Rfxd1 e5 25. Nb6 Ra7 26. Nc4 Rxb1 27. Rxb1 exf4 28. Nxd6 Rd7 29. Rb6 a5 30. Ra6 f5 31. Kf1 a4 32. Bxd4 cxd4 33. Ke2 Re7+ 34. Kd2 Re3 35. Nc4 Rc3 36. Rxa4 f3 37. gxf3 Rxf3 38. Ra8+ Kg7 39. Ra7+ Kh6 40. a4 Rh3 41. Rf7 Rxh2+ 42. Kd3 Kg5 43. a5 h5 44. a6 1/2-1/2

[Event "FRA-chT3 0405"]
[Site "France"]
[Date "2005.04.02"]
[Round "8"]
[White "Larcher, Sebastien"]
[Black "Duplessy, Franck"]
[Result "0-1"]
[WhiteElo "1510"]
[BlackElo "2080"]
[PlyCount "60"]
[EventDate "2004.10.10"]
[EventType "team"]
[EventRounds "9"]
[EventCountry "FRA"]
[SourceTitle "EXT 2007"]
[Source "ChessBase"]
[SourceDate "2006.11.23"]
[SourceVersion "1"]
[SourceVersionDate "2006.11.23"]
[SourceQuality "1"]

1. e4 c5 2. d3 g6 3. g3 Bg7 4. Bg2 Nc6 5. f4 b5 6. Nf3 Qb6 7. c3 b4 8. Be3 bxc3 9. bxc3 Qb2 10. Nbd2 Bxc3 11. Rb1 Qxa2 12. 0-0 Ba6 13. Ne1 Nd4 14. Rf2 Qa5 15. Ndf3 Nf6 16. h3 Rc8 17. Nc2 Nxf3+ 18. Bxf3 0-0 19. d4 cxd4 20. Nxd4 d5 21. Nb3 Qd8 22. e5 Ne4 23. Ra2 Bc4 24. Bxe4 dxe4 25. Qxd8 Rfxd8 26. Rxa7 Rd3 27. Kf2 Bxb3 28. Rxb3 Be1+ 29. Kxe1 Rxb3 30. Ke2 Rc2+ 0-1

[Event "FRA-chT3 0405"]
[Site "France"]
[Date "2005.03.17"]
[Round "7"]
[White "Cloarec, Audrey"]
[Black "Larcher, Sebastien"]
[Result "0-1"]
[WhiteElo "1840"]
[BlackElo "1510"]
[PlyCount "54"]
[EventDate "2004.10.10"]
[EventType "team"]
[EventRounds "9"]
[EventCountry "FRA"]
[SourceTitle "EXT 2007"]
[Source "ChessBase"]
[SourceDate "2006.11.23"]
[SourceVersion "1"]
[SourceVersionDate "2006.11.23"]
[SourceQuality "1"]

1. e4 d5 2. exd5 Nf6 3. d4 Bg4 4. Be2 Bxe2 5. Nxe2 Qxd5 6. 0-0 Nc6 7. Nbc3 Qf5 8. Ng3 Qg6 9. d5 0-0-0 10. f4 Nb4 11. f5 Qg4 12. Qxg4 Nxg4 13. Rf4 Nxc2 14. Rxg4 Nxa1 15. Rc4 a6 16. Bf4 Rd7 17. Na4 b5 18. Rc1 bxa4 19. Rxa1 Rxd5 20. Rc1 Rd7 21. Rc4 g6 22. Rxa4 Bg7 23. Rxa6 Kb7 24. Ra4 Ra8 25. Rb4+ Kc8 26. fxg6 hxg6 27. Ne4 Rxa2 0-1

[Event "FRA-chT3 0405"]
[Site "France"]
[Date "2005.02.06"]
[Round "6"]
[White "Martinez, Jean Philippe"]
[Black "Larcher, Sebastien"]
[Result "1-0"]
[WhiteElo "2052"]
[BlackElo "1510"]
[PlyCount "35"]
[EventDate "2004.10.10"]
[EventType "team"]
[EventRounds "9"]
[EventCountry "FRA"]
[SourceTitle "EXT 2007"]
[Source "ChessBase"]
[SourceDate "2006.11.23"]
[SourceVersion "1"]
[SourceVersionDate "2006.11.23"]
[SourceQuality "1"]

1. Nf3 d5 2. c4 Nf6 3. g3 g6 4. Bg2 Bg7 5. 0-0 0-0 6. cxd5 Nxd5 7. d4 Nc6 8. e4 Nf6 9. d5 Nb8 10. Nc3 e6 11. Qb3 exd5 12. exd5 Nbd7 13. Rd1 Nb6 14. a4 a5 15. Bf4 h6 16. Nd4 Nfxd5 17. Nxd5 Be6 18. Nxe6 1-0

[Event "FRA-chT4 0304"]
[Site "Bretagne"]
[Date "2004.03.14"]
[Round "6"]
[White "Larcher, Sebastien"]
[Black "Roussel, Bernard"]
[Result "1-0"]
[WhiteElo "1510"]
[BlackElo "1490"]
[PlyCount "63"]
[EventDate "2003.10.12"]
[EventType "team"]
[EventRounds "9"]
[EventCountry "FRA"]
[SourceTitle "EXT 2005"]
[Source "ChessBase"]
[SourceDate "2004.11.15"]
[SourceVersion "1"]
[SourceVersionDate "2004.11.15"]
[SourceQuality "1"]

1. e4 c5 2. d3 Nc6 3. g3 Nf6 4. Bg2 g6 5. f4 d6 6. Nf3 Bg4 7. h3 Bxf3 8. Bxf3 Bg7 9. 0-0 Qb6 10. Kh2 0-0 11. c3 Nd7 12. Bg2 e6 13. Nd2 f5 14. Nf3 Rae8 15. Qe2 e5 16. Qc2 exf4 17. Bxf4 Nce5 18. exf5 Rxf5 19. Nh4 Rff8 20. Rae1 Qd8 21. Nf3 b6 22. Ng5 Kh8 23. Bd5 Rf6 24. Ne4 Rf5 25. Nxd6 Nf6 26. Bxe5 Nxd5 27. Bxg7+ Kxg7 28. Nxe8+ Kf7 29. Rxf5+ gxf5 30. Qe2 Kg6 31. Qe6+ Nf6 32. Nxf6 1-0

[Event "Bretagne tt 0203"]
[Site "Bretagne"]
[Date "2002.11.17"]
[Round "2"]
[White "Dupitier, Mickael"]
[Black "Larcher, Sebastien"]
[Result "1/2-1/2"]
[WhiteElo "1400"]
[BlackElo "1550"]
[PlyCount "73"]
[EventDate "2002.??.??"]
[EventType "team"]
[EventRounds "9"]
[EventCountry "FRA"]
[SourceTitle "EXT 2004"]
[Source "ChessBase"]
[SourceDate "2003.11.25"]
[SourceVersion "1"]
[SourceVersionDate "2003.11.25"]
[SourceQuality "1"]

1. e4 d5 2. exd5 Nf6 3. Nc3 Nxd5 4. Nxd5 Qxd5 5. d4 Nc6 6. Nf3 Bg4 7. Be2 0-0-0 8. c3 e6 9. Be3 Be7 10. 0-0 Qh5 11. Re1 f6 12. Nd2 Bd6 13. f4 Bxe2 14. Qxe2 Qxe2 15. Rxe2 e5 16. fxe5 fxe5 17. d5 Ne7 18. Bg5 Rde8 19. Bxe7 Bxe7 20. Ne4 Rhf8 21. Rf1 Rxf1+ 22. Kxf1 Rf8+ 23. Rf2 Rxf2+ 24. Kxf2 a5 25. a4 b6 26. Kf3 Kd7 27. c4 Bf6 28. Kg4 Ke7 29. h4 Kf7 30. b3 Ke7 31. h5 Kf7 32. Ng5+ Bxg5 33. Kxg5 g6 34. hxg6+ hxg6 35. Kg4 Kf6 36. Kf3 g5 37. g4 1/2-1/2